000
00257nam a2200109Ia 4500
008
190216s9999||||xx |||||||||||||| ||und||
100
_a
Grover B L
245
0
_a
New Book On Modern Indian History
260
_b
S Chand & Co
650
_a
History
942
_c
BK
999
_c
19408
_d
19408